Comparsas de Antonio Martín - Estadísticas

Estadísticas generales
  • Esta prueba ha sido intentada 12 veces
  • La puntuación promedio es 10 de 44
Estadísticas de respuestas
Año Comparsa % Correcto
2011 Las Locuras de Martín Burton
100%
2013 La comparsa del genio
75%
2009 La Mare que me Parió
75%
2016 Los Invencibles
75%
1992 Los Trotamusicos
75%
1987 A Fuego Vivo
50%
1980 Caleta
50%
1991 Encajebolillos
50%
1985 Entre Rejas
50%
1990 La Mar de Coplas
50%
2010 Los Caballeros de la Piera Reonda
50%
2008 Los Héroes del 3x4
50%
2014 Los hippytanos
50%
1983 Agua Clara
25%
1996 Los Quijotes del Sur
25%
1986 Soplos de Vida
25%
1973 Capricho Andaluz
25%
1997 Los Buscavidas
25%
1968 Los Mayordomos
25%
1970 Los Tarantos
25%
1998 Patiovecino
25%
2012 Se Acabó el Cuento
25%
1984 Andaluces por el Mundo
0%
1979 Ángeles y Demonios
0%
1981 Charlatanes de Feria
0%
2005 El Revuelo
0%
1993 El Tirititero
0%
1976 España y Olé
0%
2006 La Quintaesencia
0%
1975 Las Buenaventuras
0%
1994 Las Verdades del Barquero
0%
1978 Los Arrabaleros
0%
1972 Los Aventureros
0%
1974 Los Camarones de la Isla
0%
1979 Los Charlys Rivers
0%
1999 Los Contrabandistas
0%
2007 Los Hijos de la Libertad
0%
1977 Los Mandingos
0%
1969 Los Nuevos Aristócratas
0%
1971 Los Porteños
0%
1995 Los Principiantes
0%
1974 Los Rumberos
0%
1989 Tras la Máscara
0%
1982 Voces Negras
0%
No se encontraron pruebas coincidentes
Distribución de puntuación
Porcentaje de gente con cada puntuación
Porcentaje por número respondido
Historial de tus puntuaciones
No has intentado esta prueba.